| 000 | 00917nam a2200229Ia 4500 | ||
|---|---|---|---|
| 999 |
_c3531 _d3531 |
||
| 003 | OSt | ||
| 005 | 20200625134705.0 | ||
| 008 | 191128s2015 ck a gr 000 j spa d | ||
| 020 | _a9789587434750 | ||
| 040 |
_aCO-JMCR _cCO-JMCR |
||
| 041 | _aspa | ||
| 082 | 0 | 4 |
_aLM / _bSHUd |
| 100 | 1 |
_aShua, Ana María, _d1951 _eautor _96185 |
|
| 245 | 1 | 0 |
_aDioses y héroes de la mitología griega / _cAna María Shua |
| 250 | _aPrimera edición | ||
| 260 |
_aBogotá : _bLoqueleo, _c2015 |
||
| 300 |
_a250 páginas : _bilustraciones en blanco y negro ; _c20 cm. |
||
| 490 | 0 | _aNarrativa | |
| 520 | _aEn esta obra, Shua narra con un estilo magistral los relatos míticos más bellos. En sus páginas se encuentran el mito de la creación del Universo, el origen de los dioses del Olimpo, y las aventuras de los héroes más valientes como Heracles, Teseo y Odise | ||
| 650 | 1 | 4 |
_aMitología infantil _96186 |
| 942 |
_2ddc _cBK |
||